KALA - AGAR IN AYURVEDA (Record no. 7828)

MARC details
000 -LEADER
fixed length control field 00298nam a2200121Ia 4500
082 ## - DEWEY DECIMAL CLASSIFICATION NUMBER
Classification number 615.53
Item number K 09 B
100 ## - MAIN ENTRY--PERSONAL NAME
Personal name BYADGI,P.S.
245 ## - TITLE STATEMENT
Title KALA - AGAR IN AYURVEDA
260 ## - PUBLICATION, DISTRIBUTION, ETC. (IMPRINT)
Name of publisher, distributor, etc CHAUKHAMBHA PUB. NEW DELHI
Year of Publication 2009
300 ## - PAGE DESCRIPTION
No. of Pages 390
942 ## - ADDED ENTRY ELEMENTS (KOHA)
Source of classification or shelving scheme Dewey Decimal Classification
Koha item type Books
Holdings
Withdrawn status Lost status Source of classification or shelving scheme Damaged status Not for loan Collection code Home library Current library Date acquired Vendor Name Cost, normal purchase price SGTU Bill Number Total Checkouts Full call number Accession No. (Barcode) Date last seen Bill Date Koha item type
    Dewey Decimal Classification     AYURVEDA SGT FA-FP Library SGT FA-FP Library 14/09/2015 CHAUKHAMBHA PUB. NEW DELHI 495.00 SGTU CP/B/788   615.53 K 09 B FA1221 14/09/2015 28/01/2015 Books
    Dewey Decimal Classification     AYURVEDA SGT FA-FP Library SGT FA-FP Library 14/09/2015 CHAUKHAMBHA PUB. NEW DELHI 495.00 SGTU CP/B/788   615.53 K 09 B FA1222 14/09/2015 28/01/2015 Books
    Dewey Decimal Classification     AYURVEDA SGT FA-FP Library SGT FA-FP Library 14/09/2015 CHAUKHAMBHA PUB. NEW DELHI 495.00 SGTU CP/B/788   615.53 K 09 B FA1223 14/09/2015 28/01/2015 Books
    Dewey Decimal Classification     AYURVEDA SGT FA-FP Library SGT FA-FP Library 14/09/2015 CHAUKHAMBHA PUB. NEW DELHI 495.00 SGTU CP/B/788   615.53 K 09 B FA1224 14/09/2015 28/01/2015 Books
    Dewey Decimal Classification     AYURVEDA SGT FA-FP Library SGT FA-FP Library 14/09/2015 CHAUKHAMBHA PUB. NEW DELHI 495.00 SGTU CP/B/788   615.53 K 09 B FA1225 14/09/2015 28/01/2015 Books